Finančná kontrola v čase vyhlásenej mimoriadnej situácie
Vykonávanie finančnej kontroly v čase mimoriadnej situácie, ktorá bola vyhlásená uznesením vlády SR č. 111 z 11. marca 2020 podľa § 8 zákona č. 42/1994 Z. z. o civilnej ochrane obyvateľstva v súvislosti s ohrozením verejného zdravia II. stupňa z dôvodu pandémie v SR.
Gespeichert in:
| 1. Verfasser: | |
|---|---|
| Format: | Buchkapitel |
| Sprache: | Slowakisch |
| Schlagworte: | |
| Tags: |
Keine Tags, Fügen Sie das erste Tag hinzu!
|
MARC
| LEADER | 00000naa a2200000 4500 | ||
|---|---|---|---|
| 001 | 0264126 | ||
| 005 | 20200612103034.2 | ||
| 041 | 0 | |a slo | |
| 044 | |a SK | ||
| 245 | 1 | 0 | |a Finančná kontrola v čase vyhlásenej mimoriadnej situácie |c Ingrid Konečná Veverková |
| 520 | |a Vykonávanie finančnej kontroly v čase mimoriadnej situácie, ktorá bola vyhlásená uznesením vlády SR č. 111 z 11. marca 2020 podľa § 8 zákona č. 42/1994 Z. z. o civilnej ochrane obyvateľstva v súvislosti s ohrozením verejného zdravia II. stupňa z dôvodu pandémie v SR. | ||
| 610 | 2 | 0 | |a chorobnosť |
| 610 | 2 | 0 | |a legislatíva |
| 610 | 2 | 0 | |a ochrana civilná |
| 610 | 2 | 0 | |a kontrola finančná |
| 100 | 1 | |a Konečná Veverková, Ingrid | |